00487nam a2200157 4500010001500000020002600015035001400041037001300055082001300068100002100081245005900102260005100161270009400212300002000306700000300326 aENG-139661 a9788192178462c550.00 aEN-123193 bDBAD/PUB a616.9792 aKamble,Rajkumar. aHIV/AIDS And Nutritional Approachc/by Rajkumar Kamble aKolhapurbNirmiti Sanwad Productions Pvt. Ltd. a873,c/2, c ward, Siddhishri Plaza,Rajaram RoadbKolhapure416002mnirmitisanwad@gmail.com a224p.c23cm(HB)